|
|
|
|
| LEADER |
01906nam a2200553 i 4500 |
| 001 |
nkc20213352489 |
| 003 |
CZ PrNK |
| 005 |
20211026092031.0 |
| 007 |
ta |
| 008 |
210916s2020 xr a e f 000 0 eng |
| 015 |
|
|
|a cnb003352489
|
| 020 |
|
|
|a 978-80-907193-9-2
|q (vázáno)
|
| 035 |
|
|
|a (OCoLC)1284974001
|
| 040 |
|
|
|a BOA001
|b cze
|e rda
|
| 041 |
1 |
|
|a eng
|h ger
|
| 043 |
|
|
|a e-gx---
|
| 045 |
|
|
|a t-t-
|
| 072 |
|
7 |
|a 796
|x Sport. Hry. Tělesná cvičení
|2 Konspekt
|9 20
|
| 080 |
|
|
|a 796.81/.82
|2 MRF
|
| 080 |
|
|
|a (430)
|2 MRF
|
| 080 |
|
|
|a (035)
|2 MRF
|
| 080 |
|
|
|a (084.11)
|2 MRF
|
| 100 |
1 |
|
|a Auerswald, Fabian von,
|d 1462-1537
|7 jo20201073477
|4 aut
|
| 240 |
1 |
0 |
|a Ringer-Kunst.
|l Anglicky
|7 aun20211128510
|
| 245 |
1 |
0 |
|a Ringen :
|b the wrestling art of Fabian von Auerswald /
|c Petr Turya, Phil Aubrey
|
| 246 |
3 |
0 |
|a Wrestling art of Fabian von Auerswald /
|
| 264 |
|
1 |
|a Maletín :
|b Guildam Gladiatorum s.r.o.,
|c 2020
|
| 300 |
|
|
|a 91 stran :
|b ilustrace ;
|c 22 cm
|
| 336 |
|
|
|a text
|b txt
|2 rdacontent
|
| 336 |
|
|
|a statický obraz
|b sti
|2 rdacontent
|
| 337 |
|
|
|a bez média
|b n
|2 rdamedia
|
| 338 |
|
|
|a svazek
|b nc
|2 rdacarrier
|
| 500 |
|
|
|a "Translation: Petr Turya, Phil Aubrey"--Tiráž
|
| 500 |
|
|
|a Přeloženo z němčiny
|
| 648 |
|
7 |
|a 16. století
|7 ch460554
|2 czenas
|
| 648 |
|
4 |
|a 1539
|
| 650 |
0 |
7 |
|a zápas (sport)
|7 ph127747
|z Německo
|y 16. století
|2 czenas
|
| 650 |
0 |
9 |
|a wrestling
|z Germany
|y 16th century
|2 eczenas
|
| 655 |
|
7 |
|a příručky
|7 fd133209
|2 czenas
|
| 655 |
|
7 |
|a obrazové publikace
|7 fd132947
|2 czenas
|
| 655 |
|
9 |
|a handbooks and manuals
|2 eczenas
|
| 655 |
|
9 |
|a pictorial works
|2 eczenas
|
| 700 |
1 |
|
|a Turya, Petr
|7 mzk20211114516
|4 trl
|
| 700 |
1 |
|
|a Aubrey, Phil
|4 trl
|
| 910 |
2 |
|
|a BOA001
|b 2-1474.066
|
| 990 |
|
|
|a BK
|
| 995 |
|
|
|a 01
|
| 991 |
|
|
|b 202109
|c NOV
|
| 996 |
6 |
|
|b 2610879357
|c 2-1474.066
|l MZK
|r Sklad / do 1 hodiny
|n 0
|p p.v.
|w 001864190
|u 000010
|a 1
|e BOA001
|j MZK50
|s P
|